00446nam a2200181Ia 4500001000900000003000500009005001700014008004100031010001100072040000900083082001400092100001800106245004700124260003500171300001100206650002500217650002200242dia_2592CHAP20251027152817.0220117s1972 xx 000 0 und d a173110 cCHAP a663.22 C3 aCarles, Jules aLa Química del Vino /c por Jules Carles aBarcelona :b Oikos-tau,c1972 a122 p. aQuímica técnica. aVinoxanálisis